Die Pfefferkörner - 5. Generation - Statistiken

Allgemein
  • Dieses Quiz wurde 106 mal gespielt
  • Das Durchschnittsergebnis liegt bei 4 aus 5
Antwortstatistiken
Bildquiz Antwort % Korrekt
Emma Krogmann
100%
Max Paulsen
91%
Feline (Fee)
84%
Nina Pellicano
84%
Henri Patterson
81%
Keine übereinstimmenden Quizze gefunden
Verteilung der Resultate
Anzahl Personen mit jedem Resultat
Perzentil nach korrekt beantworteten Fragen
Ihre Resultats-Entwicklung
Sie haben dieses Quiz noch nicht gespielt